| 000 | 01139nab a22002057a 4500 | ||
|---|---|---|---|
| 999 |
_c6214 _d6214 |
||
| 003 | OSt | ||
| 005 | 20260125235859.0 | ||
| 008 | 190514b xxu||||| |||| 00| 0 spa d | ||
| 040 | _cPJ | ||
| 100 |
_96674 _aCorleta, Natalia Daniela |
||
| 245 | 1 | 0 |
_aAlgunas reflexiones sobre la inconstitucionalidad del art. 558 del Cód. Civ. y Com. y el rol de la socioafectividad en el derecho de las familias / _bNatalia Daniela Corleta. |
| 300 | _ap. 76-81 | ||
| 500 | _aCita: TR LALEY AR/DOC/1517/2024. | ||
| 505 | _aSumario: I. Introducción.— II. El fallo de análisis. La inconstitucionalidad del art. 558 del Cód. Civ. y Com.— III. La socioafectividad, ¿fuente autónoma de triple filiación?— IV. Breves reflexiones finales. | ||
| 505 | _tFallo comentado: JFamilia Nro. 8, Mendoza ~ 01/02/2024 ~ P., J. N. y P., J. A. c. D A., H. R. s/ acción de filiación. | ||
| 650 | 0 |
_9967 _aDERECHO DE FAMILIA |
|
| 650 | 0 |
_91057 _aJURISPRUDENCIA APLICABLE |
|
| 773 | 0 |
_02844 _93222 _dBuenos Aires : AbeledoPerrot, 1989- _tDerecho de familia. Revista Interdisciplinaria de doctrina y jurisprudencia. Agosto 2024-IV. _z18511201 |
|
| 942 |
_2udc _cANA |
||